| 000 | 00731cam a22002171 4500 | ||
|---|---|---|---|
| 001 | he 67001135 | ||
| 003 | DLC | ||
| 005 | 20260227111447.0 | ||
| 008 | 840508s1966 is 000 0 heb | ||
| 010 | _ahe 67001135 | ||
| 035 | _a(OCoLC)32928481 | ||
| 040 |
_aDLC _cMH _dCU _dDLC |
||
| 043 | _aa-is--- | ||
| 050 | 0 | 0 |
_aHD5660.I8 _bY8 |
| 100 | 1 |
_aYudin, Yehuda, _d1910- |
|
| 245 | 1 | 0 |
_aShituf ha-ʻovdim be-hanhalot / _cme-et Yehudah Yudin. |
| 260 |
_a[Tel Aviv] : _b[ha-Histadrut ha-kelalit shel ha-ʻovdim be-ʼErets-Yiśraʼel, ha-Maḥlaḳah le-shituf poʻalim, ha-Merkaz le-ḥinukh ule-tarbut], _c1966. |
||
| 300 |
_a32 p. ; _c17 cm. |
||
| 650 | 0 |
_aManagement _xEmployee participation _zIsrael. |
|
| 752 |
_aIsrael _dTel Aviv |
||
| 999 |
_c32427 _d32427 |
||